Pop Girls songs - Statistics

General Stats
  • This quiz has been taken 19 times
  • The average score is 22 of 27
Answer Stats
Hint Answer % Correct
7 rings Ariana Grande
100%
Dangerous Woman Ariana Grande
100%
What Was I Made For? Billie Eilish
100%
Into You Ariana Grande
94%
BIRDS OF A FEATHER Billie Eilish
94%
Bad guy Billie Eilish
94%
Party In The U.S.A. Miley Cyrus
94%
Flowers Miley Cyrus
94%
Nonsense Sabrina Carpenter
94%
Manchild Sabrina Carpenter
94%
Please Please Please Sabrina Carpenter
94%
Blank Space Taylor Swift
94%
Opalite Taylor Swift
94%
Lover Taylor Swift
94%
Bad idea right? Olivia Rodrigo
88%
Problem Ariana Grande
81%
The boy is mine Ariana Grande
81%
Wish you were gay Billie Eilish
81%
Obsessed Olivia Rodrigo
81%
Traitor Olivia Rodrigo
81%
Enchanted Taylor Swift
81%
The Climb Miley Cyrus
75%
Thumbs Sabrina Carpenter
75%
Teardrops On My Guitar Taylor Swift
69%
Scared of my guitar Olivia Rodrigo
44%
Bad idea Ariana Grande
25%
7 Things Miley Cyrus
19%
No matching quizzes found
Score Distribution
Percent of People with Each Score
Percentile by Number Answered
Your Score History
You have not taken this quiz